00490 2200193 4500001002100000005001500021035002000036007000300056008004100059020002200100082000800122084001400130100000900144245005100153260004500204300001700249650001000266856002000276INLIS00000000000816120260126101537 a0010-0126000158ta260126 0 ind  a978-602-6697-61-5 a658 a658 SIT t0 aSITI1 aTEORI dan APLIKASI AKUNTANSI PERBANKAN /cSITI apurwokerto :bUM Purwokerto Press,c2020 a118 ;c24cm. 4ahukum aalumni akutansi